| 000 | 03819nam a2200313 4500 | ||
|---|---|---|---|
| 040 | _cNSHS | ||
| 082 |
_a423 _bQUR |
||
| 100 |
_aQureshi, Prof Basheer Ahmad _9130111 |
||
| 245 |
_aKitabistan's Concise English Dictionary / _bKitabistan ka Mukhtasir Angrezi Lughat: _cProf Basheer Ahmad Qureshi |
||
| 260 |
_aLahore : _bKitabistan Publishing Company, _c[n.d] |
||
| 300 | _aviii, 480 pages; | ||
| 500 | _aDC010725 | ||
| 520 | _aKitabistan's Concise English Dictionary is a student-friendly, compact English-to-English dictionary designed for quick and easy reference. It provides clear definitions of common English words, along with their parts of speech and simple usage examples. The dictionary is especially helpful for learners in South Asia, as it uses straightforward language without complex grammar or technical jargon. Ideal for school and college students, it supports vocabulary building, comprehension, and writing skills. Published by Kitabistan Publishers, it is widely used in academic settings where English is taught as a second language. Kitabistan's Concise English Dictionary is a student-friendly, compact English-to-English dictionary designed for quick and easy reference. It provides clear definitions of common English words, along with their parts of speech and simple usage examples. The dictionary is especially helpful for learners in South Asia, as it uses straightforward language without complex grammar or technical jargon. Ideal for school and college students, it supports vocabulary building, comprehension, and writing skills. Published by Kitabistan Publishers, it is widely used in academic settings where English is taught as a second language. Kitabistan's Concise English Dictionary is a student-friendly, compact English-to-English dictionary designed for quick and easy reference. It provides clear definitions of common English words, along with their parts of speech and simple usage examples. The dictionary is especially helpful for learners in South Asia, as it uses straightforward language without complex grammar or technical jargon. Ideal for school and college students, it supports vocabulary building, comprehension, and writing skills. Published by Kitabistan Publishers, it is widely used in academic settings where English is taught as a second language. Kitabistan's Concise English Dictionary is a student-friendly, compact English-to-English dictionary designed for quick and easy reference. It provides clear definitions of common English words, along with their parts of speech and simple usage examples. The dictionary is especially helpful for learners in South Asia, as it uses straightforward language without complex grammar or technical jargon. Ideal for school and college students, it supports vocabulary building, comprehension, and writing skills. Published by Kitabistan Publishers, it is widely used in academic settings where English is taught as a second language. | ||
| 546 | _aIn English & Urdu | ||
| 600 |
_aQureshi, Prof Basheer Ahmad _9130111 |
||
| 650 | _aEnglish language -- Dictionaries. | ||
| 650 |
_aEnglish language -- Lexicography. _9130112 |
||
| 650 |
_a English language-- Handbooks, manuals, etc _9130113 |
||
| 650 | _aEnglish language -- dictionaries. | ||
| 650 |
_aEnglish language -- History -- Dictionaries. _9130114 |
||
| 650 |
_aEnglish language -- Dictionaries -- Urdu _947125 |
||
| 650 |
_aEncyclopedias and dictionaries -- History and criticism. _9130115 |
||
| 650 |
_aLexicography. _9130116 |
||
| 650 |
_aLexicography -- Dictionaries. _9130117 |
||
| 650 |
_aEnglish language -- Urdu -- dictionaries _9130118 |
||
| 650 |
_aEnglish-speaking countrie s-- Civilization -- Dictionaries _9130119 |
||
| 942 |
_2ddc _cBK |
||
| 999 |
_c614460 _d614460 |
||